| 000 | 00433nam a2200145Ia 4500 | ||
|---|---|---|---|
| 008 | 230917s9999||||xx |||||||||||||| ||und|| | ||
| 040 |
_e186383 _aMAIN |
||
| 041 | _aEnglish | ||
| 082 | _a510.2462 H123A | ||
| 100 | _aHaghighi, Aliakbar Montazer | ||
| 245 | 0 | _aAdvanced mathematics for engineers with applications in stochastic processes | |
| 260 |
_aNew York _bNova Science Publishers _c2010 |
||
| 300 | _axi, 550 p. | ||
| 942 | _cBK | ||
| 999 |
_c161997 _d161997 |
||